The National Credit Act 34 of 2R5 and regulations (Record no. 357176)

MARC details
000 -LEADER
fixed length control field 00260nam a2200097Ia 4500
082 ## - DEWEY DECIMAL CLASSIFICATION NUMBER
Classification number R 346.6873 NATI
008 - FIXED-LENGTH DATA ELEMENTS--GENERAL INFORMATION
fixed length control field 210817s9999 xx 000 0 und d
100 ## - MAIN ENTRY--PERSONAL NAME
Personal name South Africa
245 #0 - TITLE STATEMENT
Title The National Credit Act 34 of 2R5 and regulations
942 ## - ADDED ENTRY ELEMENTS
item type Books
Holdings
Withdrawn status Lost status Damaged status Not for loan Home library Current library Date acquired Cost, normal purchase price Total Checkouts Barcode Date last seen Price effective from item type
        Emtfuntini Emtfuntini 20.08.2021 300.00   33228015142126 20.08.2021 20.08.2021 Books